Normal view
MARC view
Entry Topical Term
001 - CONTROL NUMBER
- control field: 16298
003 - CONTROL NUMBER IDENTIFIER
- control field: HDC
005 - DATE AND TIME OF LATEST TRANSACTION
- control field: 20230624073458.0
008 - FIXED-LENGTH DATA ELEMENTS
- fixed length control field: 210221|| aca||aabn | a|a d
040 ## - CATALOGING SOURCE
- Original cataloging agency: HDC
- Transcribing agency: HDC
150 ## - HEADING--TOPICAL TERM
- Topical term or geographic name entry element: scans barcodes
670 ## - SOURCE DATA FOUND
- Source citation: Work cat.: (HDC): Schwartz, Ariel author 16297, iPhone App Scans Bar Codes for Environmental and Heath Ratings / by, 2009
